000 00896nam a22002417a 4500
999 _c5054
_d5054
003 AR-CdUCM
008 190311b ||||| |||| 00| 0 spa d
040 _aMUNICIPALIDAD PROVINCIAL DEL CUSCO
_cBIBLIOTECA MUNICIPAL DEL CUSCO
041 _heng
082 _214ed.
_a340.92 /
_bR47
100 _aReynolds, Quentin
_915431
245 _aSala de jurados, Courtroom :
_bla historia de Samuel S. Leibowitz /
260 _aMéxico, D.F :
_bConstancia,
_c1969.
300 _a473 páginas ;
_c21 cm.
505 _aContenido: Eso que llaman justicia -- El novicio -- La mosca teje tela de araña -- Dooley era un Gendarme -- El loco -- y la ley ...
650 _aDerecho penal
_95831
650 _aEstados Unidos
_91805
650 _aJurado (derecho procesal penal)
_915432
650 _aJurisprudencia
_9927
700 _aGaytan, Carlos (traducción)
_915433
942 _2ddc
_cLIBROS
945 _aachl